000 01906nam0a2200421 4500
001 RU\NLR\bibl\1253126
005 20260405141213.0
010 _a978-5-89347-514-2
_9300
021 _aRU
_b2008-40291
_92224
035 _a(nilc)EL/0000195224
035 _aRU\LSL\TAT_B\2216
035 _aRU\LSL\Books\2526093
035 _a(NLR Aleph) 001239192
090 _a247865
_c247865
100 _a20080513d2008 |||y0rusy50 ca
101 0 _arus
102 _aRU
105 _aa |||||||||
200 1 _aГеофизические и геохимические технологии прогноза и оценки нефтеносности перспективных объектов
_fЭ. К. Швыдкин, А. С. Якимов, В. А. Вассерман
210 _aКазань
_cНовое знание
_d2008
215 _a163 с.
_cил., карт.
_d22
320 _aБиблиогр.: с. 158-163 (83 назв.)
606 1 _aНефть
_xМесторождения
_xПрогнозы
_xГеохимические методы
_91745986
_3RU\NLR\auth\66781688
606 1 _aНефть
_xМесторождения
_xПрогнозы
_xГеофизические методы
_91745907
_3RU\NLR\auth\66781647
686 _aД454.1-5
_vLBC/SL
_2rubbk
686 _a38.53
_2rugasnti
686 _aД454.1-551
686 _aД454.1-54
700 1 _aШвыдкин
_bЭ. К.
_gЭдуард Кузьмич
_4070
701 1 _4070
_7ca
_8rus
_aЯкимов
_bА. С.
_cканд. геол.-минерал. наук
_gАлександр Сергеевич
_940243
_3RU\NLR\auth\7757311
701 1 _aВассерман
_bВ. А.
_gВладимир Абрамович
_4070
801 0 _aRU
_bНБ Казанского ГУ
_c20080513
_gRCR
801 1 _aRU
_bНБ Казанского ГУ
_c20080521
_gRCR
801 2 _aRU
_bNLR
_c20080716
_grcr
942 _cBOOK
980 _aNB
980 _aNBR